Fango e miele-Ragazzo domani (Record n. 102395)

Dettagli MARC
000 -LEADER
fixed length control field 00950njm a2200301Ia 4500
001 - CONTROL NUMBER
control field 27396
003 - CONTROL NUMBER IDENTIFIER
control field IT-RoPAU
005 - DATE AND TIME OF LATEST TRANSACTION
control field 20220918181154.0
008 - FIXED-LENGTH DATA ELEMENTS--GENERAL INFORMATION
fixed length control field 131025s9999 xx 000 0 und d
040 ## - CATALOGING SOURCE
Original cataloging agency IT-RoPAU
040 ## - CATALOGING SOURCE
Transcribing agency IT-RoPAU
041 ## - LANGUAGE CODE
Language code of text/sound track or separate title ITALIANO
999 ## - SYSTEM CONTROL NUMBERS (KOHA)
Koha Dewey Subclass [OBSOLETE] n.d.
100 ## - MAIN ENTRY--PERSONAL NAME
Personal name Di Mario Angelo
9 (RLIN) 853
100 ## - MAIN ENTRY--PERSONAL NAME
Relator term Autore musica
9 (RLIN) 17918
100 ## - MAIN ENTRY--PERSONAL NAME
Miscellaneous information Codice autore musica SPICS: 10868
9 (RLIN) 855
245 ## - TITLE STATEMENT
Title Fango e miele-Ragazzo domani
250 ## - EDITION STATEMENT
Edition statement 1a ed.
260 ## - PUBLICATION, DISTRIBUTION, ETC. (IMPRINT)
Place of publication, distribution, etc. ALBANO
260 ## - PUBLICATION, DISTRIBUTION, ETC. (IMPRINT)
Name of publisher, distributor, etc. EP - MUSICALI E DISCOGRAFICHE
300 ## - PHYSICAL DESCRIPTION
Extent DISCO
500 ## - GENERAL NOTE
General note Musica giovanile. Disco 45 giri
505 ## - FORMATTED CONTENTS NOTE
Formatted contents note Fango e miele - Ragazzo domani (testo di Sandra Milo)
511 ## - PARTICIPANT OR PERFORMER NOTE
Participant or performer note Complesso Ragazzi alla Ribalta. Canta Mauro Ingafù
650 ## - SUBJECT ADDED ENTRY--TOPICAL TERM
Topical term or geographic name as entry element CANTI GIOVANILI [DISCHI]
Relator term Codice MATERIA SPICS: 9950
9 (RLIN) 17919
700 ## - ADDED ENTRY--PERSONAL NAME
Personal name Tombolato Pino
Relator term Autore testo e musica
Miscellaneous information Codice autore testo/musica SPICS: 10145
9 (RLIN) 17920
942 ## - ADDED ENTRY ELEMENTS (KOHA)
Koha item type DISCHI
Source of classification or shelving scheme Dewey Decimal Classification
Dati di copia
Withdrawn status Lost status Damaged status Not for loan Home library Current library Date acquired Total Checkouts Full call number Date last seen Price effective from Koha item type Public note
    Buone Condizioni Not For Loan SPICS-MEDIATECA SPICS-MEDIATECA 25/10/2013   27396 25/10/2013 25/10/2013 DISCHI Progr. Ins.: 6953 / N.Vol.: 1 / Copie: 1 - Copia rara: n.d. / date import: 01.01.2014 - By Epidotti, Trombetti, Vaglietti
CREDITS: SOCIETA' SAN PAOLO Via A.Severo, 58 - ROMA (RM) & PERIODICI SAN PAOLO SRL Via Giotto, 36 MILANO & CISF Via Giotto, 36 MILANO & EDIZIONI SAN PAOLO SRL,  Piazza Soncino, 5 CINISELLO BALSAMO (MI) -- ITALY